| 000 | 01477nam a2200265 i 4500 | ||
|---|---|---|---|
| 001 | 185277 | ||
| 003 | ES-MaACL | ||
| 005 | 20250905144018.0 | ||
| 008 | 160505s2014 sp agm |||| |dspa d | ||
| 020 | _a978-84-697-1838-4 | ||
| 080 | _a821.134.2-1(082.2) | ||
| 245 | 0 | 3 |
_aLa luz de la palabra / _cManantial Folk ; [dirección y coordinación literaria, José María Muñoz Quirós ; ilustraciones, Miguel Elías]. |
| 260 |
_a[Madrid] : _bManantial Folk, _c[2014] |
||
| 300 |
_a[46] p. : _bil. col., música ; _c19 cm + _e1 CD. |
||
| 505 | 8 |
_aContiene: ; _tVivo sin vivir en mí / _rSanta Teresa de Jesús. -- _tLos amores del agua / _rJosé Pulido. -- _tDel límite en el amor / _rClara Janés. -- _tLlama oscura / _rJosé María Muñoz Quirós. -- _tÁrbol de Santa Teresa / _rCarlos Aganzo. -- _tSefarad / _rSantiago Castelo. -- _tEl rumor de la llama / _rAntonio Colinas. -- _tNieve / _rRafael Morales. -- _tGorrión / _rClaudio Rodríguez. -- _t¡Oh hermosura que excedéis! / _rSanta Teresa de Jesús |
|
| 600 | 0 | 0 |
_aTeresa de Jesús, _cSanta, _d1515-1582 _9226510 |
| 700 | 1 |
_aMuñoz Quirós, José María. _984480 |
|
| 700 | 1 |
_aSánchez Sánchez, Miguel Elías, _d1963- _9159493 |
|
| 700 | 0 |
_aTeresa de Jesús, _cSanta, _d1515-1582 _9226510 |
|
| 710 | 2 |
_aManantial Folk (Grupo musical) _9159492 |
|
| 852 |
_aES-MaACL _jA-13729 _9192299 _bR.150872 _cDEPO1 _dOlim: N-6729 |
||
| 852 |
_aES-MaACL _jROT 2/7/8 (CD) |
||
| 942 |
_2udc _cMONOGRAFIA |
||
| 999 |
_c185277 _d185277 |
||